000
00237nam a2200097Ia 4500
001
990831
005
20250826221318.0
008
250824s9999 xx 000 0 und d
245
0
_a
İNTİKAM
_c
KAHRAMAN TAZEOĞLU
260
_b
DESTEK YAYINLARI
999
_c
990831
_d
990831